| 000 | 00440nam a22001691a 4500 | ||
|---|---|---|---|
| 001 | 5422 | ||
| 003 | OSt | ||
| 005 | 20260204212014.0 | ||
| 008 | 060119s19??||||dr ||||||b||||||||||spa|| | ||
| 050 | _aRD 972.9356 L814p | ||
| 100 | _aLockward, Angel | ||
| 245 | _aLas provincias del norte / Angel Locward | ||
| 264 | _aSanto Domingo : (S.N) | ||
| 300 | _a51 p | ||
| 650 | _a1.Historia Provincias del Norte de la Rep. Dom.Ì | ||
| 942 |
_2ddc _cBK |
||
| 999 |
_c5422 _d5422 |
||